Score 0/30 Timer 06:00
0 Plays Today
Question Answer Wrong Answers
The Lord of the Rings: The Fellowship of the Ring
2001
Trilogy
96.1%
Stand Alone
0.3%
Sequel
0.7%
E.T. the Extra-Terrestrial
1982
Stand Alone
93.9%
Sequel
2.9%
Trilogy
0.4%
Pulp Fiction
1994
Stand Alone
93.5%
Sequel
3%
Trilogy
0.7%
The Big Lebowski
1998
Stand Alone
93.3%
Sequel
3.2%
Trilogy
0.5%
Inception
2010
Stand Alone
92.5%
Sequel
3.1%
Trilogy
1.6%
Back to the Future
1985
Trilogy
92%
Stand Alone
0.7%
Sequel
4.4%
The Godfather
1972
Trilogy
91.2%
Stand Alone
1.2%
Sequel
4.7%
The Matrix
1999
Trilogy
90.3%
Stand Alone
1.3%
Sequel
5.4%
Iron Man
2008
Trilogy
89.6%
Stand Alone
1.8%
Sequel
5.8%
Ocean's Eleven
2001
Trilogy
89.4%
Stand Alone
1.7%
Sequel
6.1%
Beetlejuice
1988
Stand Alone
87.5%
Sequel
8.7%
Trilogy
1%
The Princess Bride
1987
Stand Alone
85.6%
Sequel
10%
Trilogy
1.4%
Léon: The Professional
1994
Stand Alone
85.6%
Sequel
10%
Trilogy
1.3%
Spaceballs
1987
Stand Alone
85.5%
Sequel
10.2%
Trilogy
1.3%
The Goonies
1985
Stand Alone
83.8%
Sequel
11.7%
Trilogy
1.6%
Kill Bill: Vol. 1
2003
Sequel
81.1%
Stand Alone
2.2%
Trilogy
13.9%
Grease
1978
Sequel
74.7%
Stand Alone
20.7%
Trilogy
1.8%
Speed
1994
Sequel
74.4%
Stand Alone
12.6%
Trilogy
10.1%
The Naked Gun
1988
Trilogy
70.1%
Stand Alone
10%
Sequel
17.1%
Blade
1998
Trilogy
69.4%
Stand Alone
8.2%
Sequel
19.6%
National Treasure
2004
Sequel
67.9%
Stand Alone
8.4%
Trilogy
20.8%
Analyze This
1999
Sequel
67.9%
Stand Alone
26.2%
Trilogy
2.9%
Gremlins
1984
Sequel
67.3%
Stand Alone
17.2%
Trilogy
12.7%
Airplane!
1980
Sequel
59.5%
Stand Alone
25.2%
Trilogy
12.4%
The Evil Dead
1981
Trilogy
51.9%
Stand Alone
18.4%
Sequel
26.8%
History of the World: Part I
1981
Stand Alone
48.4%
Sequel
33.1%
Trilogy
15.6%
Caddyshack
1980
Sequel
46.7%
Stand Alone
48.2%
Trilogy
2.2%
Before Sunrise
1995
Trilogy
32.9%
Stand Alone
45.5%
Sequel
18.6%
2001: A Space Odyssey
1968
Sequel
31.7%
Stand Alone
62.3%
Trilogy
3.3%
Bill & Ted's Excellent Adventure
1989
Trilogy
12.1%
Stand Alone
14.2%
Sequel
70.7%
Remove Ads.
Support Sporcle.
Get the best of Sporcle when you Go Orange. This ad-free experience offers more features, more stats, and more fun while also helping to support Sporcle. Thank you for becoming a member.

You're not logged in!

Compare scores with friends on all Sporcle quizzes.
OR
Log In

Show Comments

Extras

Top Quizzes Today


Score Distribution

Your Account Isn't Verified!

In order to create a playlist on Sporcle, you need to verify the email address you used during registration. Go to your Sporcle Settings to finish the process.

Report this User

Report this user for behavior that violates our Community Guidelines.

Details: